000 00633nam a2200193 i 4500
001 38071
003 ES-MaACL
005 20250820063025.0
007 t|
008 030224s1914 xxu ||||1| eng d
100 1 _aCabrera, Luis,
_d1876-1954
_933290
245 1 4 _aThe mexican situation from a mexican point of view /
_cLuis Cabrera.
260 _aNew York :
_b[s.n.],
_c1914.
300 _aP. [245]-261 ;
_c23 cm.
500 _aReprinted from The Journal of Race Development, Vol. 4, nº 3, January, 1914.
651 4 _aMéxico-
_xHistoria-
_z1910-1946.
_99066
852 _aES-MaACL
_j1565-F-6
999 _c38071
_d38071